[Event "Groningen op 52nd"]
[Site "Groningen"]
[Date "2014.12.27"]
[Round "6"]
[White "Sparenberg, Erik"]
[Black "Chen, Yibo"]
[Result "1/2-1/2"]
[WhiteElo "2105"]
[BlackElo "2156"]
[PlyCount "91"]
[EventDate "2014.12.21"]
[EventType "swiss"]
[EventRounds "9"]
[EventCountry "NED"]
[SourceTitle "CBM 164 Extra"]
[Source "ChessBase"]
[SourceDate "2015.03.02"]
[SourceVersion "1"]
[SourceVersionDate "2015.03.02"]
[SourceQuality "1"]

1. e4 c5 2. Nf3 d6 3. d4 cxd4 4. Nxd4 Nf6 5. Nc3 e6 6. Be3 a6 7. f3 b5 8. Qd2 Bb7 9. 0-0-0 Nbd7 10. g4 Nc5 11. Kb1 Nfd7 12. a3 Rb8 13. Qf2 Qa5 14. Na2 Qc7 15. h4 Nb6 16. Bxb5+ axb5 17. Nxb5 Qc6 18. Nxd6+ Bxd6 19. Rxd6 Nxe4 20. Rxc6 Nxf2 21. Rxb6 Nxh1 22. Bf4 Kd7 23. Nb4 f6 24. Bxb8 Rxb8 25. Na6 Bxa6 26. Rxb8 Bc8 27. Rb3 Nf2 28. Kc1 Nh3 29. Kd2 Nf4 30. c4 g6 31. Ke3 e5 32. Rb6 Ne6 33. b4 Kc7 34. c5 Nf4 35. Rd6 Bd7 36. h5 gxh5 37. gxh5 Nxh5 38. Ke4 Bc6+ 39. Kf5 Ng7+ 40. Kxf6 Ne8+ 41. Kxe5 Nxd6 42. cxd6+ Kd7 43. f4 h5 44. Kf5 Kxd6 45. Kg5 Be8 46. a4 1/2-1/2

[Event "Groningen op 52nd"]
[Site "Groningen"]
[Date "2014.12.26"]
[Round "5"]
[White "Chen, Yibo"]
[Black "Dijkhuis, Tycho"]
[Result "0-1"]
[WhiteElo "2156"]
[BlackElo "2317"]
[PlyCount "70"]
[EventDate "2014.12.21"]
[EventType "swiss"]
[EventRounds "9"]
[EventCountry "NED"]
[SourceTitle "CBM 164 Extra"]
[Source "ChessBase"]
[SourceDate "2015.03.02"]
[SourceVersion "1"]
[SourceVersionDate "2015.03.02"]
[SourceQuality "1"]

1. d4 Nf6 2. Nf3 g6 3. g3 c5 4. c4 b6 5. Bg2 Bb7 6. d5 e6 7. Nc3 exd5 8. Nxd5 Nxd5 9. cxd5 d6 10. Bd2 Bg7 11. Bc3 0-0 12. 0-0 f6 13. Ne1 Na6 14. Nd3 Nc7 15. Nf4 Re8 16. a4 Qe7 17. Re1 f5 18. e4 fxe4 19. Rxe4 Qf7 20. Qd2 Rxe4 21. Bxe4 Re8 22. Bg2 Bh6 23. Rd1 Rf8 24. Qe2 Bxf4 25. gxf4 Bxd5 26. Bxd5 Nxd5 27. Rxd5 Qxd5 28. Qe7 Qf7 29. Qxd6 Qxf4 30. Qe6+ Qf7 31. Qe3 Re8 32. Qg3 a6 33. h4 b5 34. axb5 axb5 35. b4 Qb3 0-1

[Event "Groningen op 52nd"]
[Site "Groningen"]
[Date "2014.12.22"]
[Round "2"]
[White "Hummel, Paul"]
[Black "Chen, Yibo"]
[Result "1-0"]
[WhiteElo "2049"]
[BlackElo "2156"]
[PlyCount "55"]
[EventDate "2014.12.21"]
[EventType "swiss"]
[EventRounds "9"]
[EventCountry "NED"]
[SourceTitle "CBM 164 Extra"]
[Source "ChessBase"]
[SourceDate "2015.03.02"]
[SourceVersion "1"]
[SourceVersionDate "2015.03.02"]
[SourceQuality "1"]

1. e4 c5 2. Nf3 d6 3. d4 cxd4 4. Nxd4 Nf6 5. f3 a6 6. c4 Nc6 7. Be3 e6 8. Nc3 Be7 9. Be2 Qc7 10. 0-0 0-0 11. Rc1 Nxd4 12. Bxd4 Nd7 13. Qd2 b6 14. b4 Bb7 15. Bd1 Rac8 16. Bb3 h6 17. Be3 Bc6 18. Nd5 Qd8 19. Nxe7+ Qxe7 20. Rfd1 Rfd8 21. Qxd6 Qf6 22. Bd4 Qg5 23. Qg3 Qxg3 24. hxg3 a5 25. a3 Ra8 26. Ra1 Kf8 27. Kf2 Rdc8 28. b5 1-0

[Event "Groningen op 52nd"]
[Site "Groningen"]
[Date "2014.12.21"]
[Round "1"]
[White "Chen, Yibo"]
[Black "Donchenko, Alexander"]
[Result "0-1"]
[WhiteElo "2156"]
[BlackElo "2523"]
[PlyCount "96"]
[EventDate "2014.12.21"]
[EventType "swiss"]
[EventRounds "9"]
[EventCountry "NED"]
[SourceTitle "CBM 164 Extra"]
[Source "ChessBase"]
[SourceDate "2015.03.02"]
[SourceVersion "1"]
[SourceVersionDate "2015.03.02"]
[SourceQuality "1"]

1. d4 Nf6 2. Nf3 d5 3. c4 dxc4 4. Nc3 a6 5. a4 e6 6. e3 c5 7. Bxc4 Nc6 8. 0-0 Qc7 9. Qe2 Be7 10. Rd1 0-0 11. b3 b6 12. Bb2 Na5 13. d5 Nxc4 14. bxc4 exd5 15. Nxd5 Nxd5 16. Be5 Nc3 17. Qd3 Qc6 18. Bxc3 Be6 19. Ne5 Qb7 20. e4 f6 21. Nf3 Rfd8 22. Qe2 Rxd1+ 23. Rxd1 Rd8 24. Rxd8+ Bxd8 25. e5 f5 26. Qd3 Qd7 27. Qd2 a5 28. Qc2 Bxc4 29. Bxa5 Qd3 30. Qxd3 Bxd3 31. Ne1 Be4 32. Bc3 Bc6 33. a5 bxa5 34. Nd3 c4 35. Nb2 Bb5 36. g3 a4 37. Bb4 Kf7 38. Nd1 Be7 39. Bc3 a3 40. Ne3 Ke6 41. Nc2 Kd5 42. Kf1 a2 43. Ke2 Ba4 44. Na1 g5 45. f3 Bc5 46. h3 Bd4 47. Bxd4 Kxd4 48. Kd2 Kxe5 0-1

[Event "Kuala Lumpur op 8th"]
[Site "Kuala Lumpur"]
[Date "2011.08.25"]
[Round "9"]
[White "Chen, Yibo"]
[Black "Jia, Haoxiang"]
[Result "1/2-1/2"]
[WhiteElo "2152"]
[BlackElo "2369"]
[PlyCount "22"]
[EventDate "2011.08.18"]
[EventType "swiss"]
[EventRounds "9"]
[EventCountry "MAS"]
[SourceTitle "CBM 144 Extra"]
[Source "ChessBase"]
[SourceDate "2011.10.28"]
[SourceVersion "1"]
[SourceVersionDate "2011.10.28"]
[SourceQuality "1"]

1. d4 d5 2. c4 c6 3. cxd5 cxd5 4. Nc3 Nf6 5. Nf3 Nc6 6. Bg5 Qb6 7. Bxf6 exf6 8. Qb3 Qxb3 9. axb3 Be6 10. e3 Rc8 11. Be2 a6 1/2-1/2

[Event "Kuala Lumpur op 8th"]
[Site "Kuala Lumpur"]
[Date "2011.08.22"]
[Round "6"]
[White "Chen, Yibo"]
[Black "Yong, Han Shawn"]
[Result "1-0"]
[WhiteElo "2152"]
[BlackElo "1824"]
[PlyCount "149"]
[EventDate "2011.08.18"]
[EventType "swiss"]
[EventRounds "9"]
[EventCountry "MAS"]
[SourceTitle "CBM 144 Extra"]
[Source "ChessBase"]
[SourceDate "2011.10.28"]
[SourceVersion "1"]
[SourceVersionDate "2011.10.28"]
[SourceQuality "1"]

1. d4 Nf6 2. Nf3 e6 3. c4 d5 4. Nc3 Nbd7 5. Bg5 Bb4 6. e3 c5 7. cxd5 exd5 8. Bd3 Qa5 9. Qc2 c4 10. Bf5 0-0 11. 0-0 Re8 12. Ne2 Ne4 13. Ng3 Nxg5 14. Nxg5 g6 15. Bxd7 Bxd7 16. e4 Qd8 17. Nf3 dxe4 18. Ne5 Rc8 19. Qxe4 f6 20. Qxb7 fxe5 21. Qxb4 exd4 22. Rfd1 Be6 23. Ne4 Bg4 24. f3 Rxe4 25. fxe4 Bxd1 26. Rxd1 d3 27. Qc3 Qb6+ 28. Kh1 Qe6 29. Qd4 Re8 30. e5 Re7 31. h3 Kg7 32. b3 Rd7 33. Qxc4 Qxc4 34. bxc4 Kf7 35. c5 Ke6 36. c6 Rc7 37. Rxd3 Rxc6 38. Ra3 a6 39. Ra5 Kf5 40. Kh2 Kf4 41. Rd5 Re6 42. Ra5 Rc6 43. g3+ Kf3 44. h4 h5 45. Ra4 Re6 46. Rf4+ Ke3 47. Rf6 Rxe5 48. Rxa6 g5 49. hxg5 Rxg5 50. a4 Kf3 51. Rf6+ Ke4 52. Rf4+ Ke3 53. Kh3 Ra5 54. Kh4 Ke2 55. Rf6 Ke3 56. Rg6 Rxa4+ 57. Kxh5 Kf3 58. g4 Ra1 59. Rf6+ Ke4 60. Kg6 Ke5 61. g5 Rg1 62. Rf2 Rg3 63. Kh6 Rh3+ 64. Kg7 Ke6 65. g6 Rg3 66. Rf7 Rg1 67. Kh7 Rg2 68. Ra7 Rh2+ 69. Kg8 Rf2 70. Rf7 Rg2 71. g7 Ra2 72. Rf1 Rb2 73. Ra1 Rg2 74. Kh8 Kf7 75. Rf1+ 1-0

[Event "Kuala Lumpur op 8th"]
[Site "Kuala Lumpur"]
[Date "2011.08.18"]
[Round "2"]
[White "Chen, Yibo"]
[Black "Dimakiling, Oliver"]
[Result "0-1"]
[WhiteElo "2152"]
[BlackElo "2414"]
[PlyCount "100"]
[EventDate "2011.08.18"]
[EventType "swiss"]
[EventRounds "9"]
[EventCountry "MAS"]
[SourceTitle "CBM 144 Extra"]
[Source "ChessBase"]
[SourceDate "2011.10.28"]
[SourceVersion "1"]
[SourceVersionDate "2011.10.28"]
[SourceQuality "1"]

1. d4 e6 2. c4 d5 3. Nc3 a6 4. e3 Nf6 5. Nf3 c5 6. Qc2 Nc6 7. dxc5 Bxc5 8. a3 0-0 9. Be2 Qe7 10. 0-0 Ba7 11. Rd1 dxc4 12. Bxc4 b5 13. Be2 Bb7 14. b4 Rac8 15. Bb2 e5 16. Nd2 Nd4 17. Qb1 Rxc3 18. exd4 exd4 19. Bf3 Bxf3 20. Nxf3 Rxf3 21. gxf3 Qe5 22. Qd3 Bb8 23. Bxd4 Qxh2+ 24. Kf1 Re8 25. Be3 Bf4 26. Qf5 Bxe3 27. fxe3 Nh5 28. Qd3 Ng3+ 29. Ke1 h5 30. e4 f5 31. Qd5+ Kh7 32. Ra2 Qg1+ 33. Kd2 Qf2+ 34. Kc1 Qxf3 35. exf5 Re4 36. Qd3 Re3 37. Qd5 Qf4 38. Kb1 Ne4 39. Rc2 Nf6 40. Qd4 Qf3 41. Rcd2 Rxa3 42. Rd3 Qxf5 43. Kb2 Ra4 44. Ra3 Rxa3 45. Kxa3 g5 46. Rc1 Kg6 47. Rc5 Qf3+ 48. Ka2 h4 49. Qd6 h3 50. Rc2 Qd5+ 0-1